Estado Garante. Idea y Realidad

Detalles Bibliográficos
Autor principal: Esteve Pardo, Još
Formato: Libro
Lenguaje:español
Publicado: Espaą Logo Instituto Nacional de Administracin̤ Pb︢lica (INAP) Instituto Nacional de Administracin̤ Pb︢lica (INAP) 2015
Materias:
Acceso en línea:Acceso restringido

MARC

LEADER 00000nam a22000007a 4500
005 20151202130655.0
007 cr|||| ||u|
008 151202s2015 sp ||||| ||||s00||0 spa d
020 |a 978-84-7351-444-6 
035 |a 12944 
040 |a vLex 
090 |c 5703  |d 5703 
100 1 |a Esteve Pardo, Još 
245 1 0 |a Estado Garante. Idea y Realidad  |h [Recurso electrn̤ico] /   |c Jos ̌Esteve Pardo  
256 |a Servicio en ln̕ea 
260 |a Espaą  |b Logo Instituto Nacional de Administracin̤ Pb︢lica (INAP) Instituto Nacional de Administracin̤ Pb︢lica (INAP)  |c 2015 
300 |a 1 recurso electrn̤ico (Primera edicin̤: julio 2015 115 pg̀inas) 
506 1 |a Contenido solo disponible en los productos indicados  |d vLex Global  |d vLex Global (Academic Edition, excluding Law Schools)  |d vLex Global (U.S. Academic Edition, Law Schools)  |d vLex Global (U.S. Academic Edition, excluding Law Schools)  |d vLex Global (Academic Edition, Law Schools) 
650 0 4 |a Estado  |z Madrid 
740 0 |a vLex libros (servicio en ln̕ea) 
856 4 0 |u http://vlex.com/source/estado-garante-idea-realidad-12944  |z Acceso restringido 
942 |c BOOK 
999 0 |a State, The